San Antonio 1718 (Record no. 8798)

MARC details
000 -CABECERA
campo de control de longitud fija 00915nam a2200253 a 4500
001 - NÚMERO DE CONTROL
campo de control BRCA_9151
005 - FECHA Y HORA DE LA ÚLTIMA TRANSACCIÓN
campo de control 20190320210534.0
008 - DATOS DE LONGITUD FIJA--INFORMACIÓN GENERAL
campo de control de longitud fija 070818s2018----u--ab#####---#000-0#eng-#
020 ## - NÚMERO INTERNACIONAL ESTÁNDAR DEL LIBRO
Número Internacional Estándar del Libro 9781595348357
020 ## - NÚMERO INTERNACIONAL ESTÁNDAR DEL LIBRO
Número Internacional Estándar del Libro 9781595348340
041 ## - CÓDIGO DE LENGUA
Código de lengua del texto/banda sonora o título independiente eng
044 ## - CÓDIGO DEL PAÍS DE LA ENTIDAD EDITORA/PRODUCTORA
Código MARC del país u
050 #4 - SIGNATURA TOPOGRÁFICA DE LA BIBLIOTECA DEL CONGRESO
Número de clasificación N6502.2
Número de documento/Ítem .S26 2018
245 10 - MENCIÓN DE TÍTULO
Título San Antonio 1718
Resto del título art from Mexico
Mención de responsabilidad, etc. edited by Marion Oettinger Jr.
260 ## - PUBLICACIÓN, DISTRIBUCIÓN, ETC.
Lugar de publicación, distribución, etc. San Antonio, Texas
Nombre del editor, distribuidor, etc. Trinity University Press : San Antonio Museum of Art
Fecha de publicación, distribución, etc. 2018
300 ## - DESCRIPCIÓN FÍSICA
Extensión xi, 191 p.
Otras características físicas il. a color, mapas
Dimensiones 22 cm.
500 ## - NOTA GENERAL
Nota general Incluye lista de figuras, lista de ilustraciones e índice alfabético
504 ## - NOTA DE BIBLIOGRAFÍA, ETC.
Nota de bibliografía, etc. Bibliografía : p. 161-169
650 14 - PUNTO DE ACCESO ADICIONAL DE MATERIA--TÉRMINO DE MATERIA
Término de materia o nombre geográfico como elemento de entrada Arte español colonial
Subdivisión de forma Exposiciones
9 (RLIN) 22567
650 14 - PUNTO DE ACCESO ADICIONAL DE MATERIA--TÉRMINO DE MATERIA
Término de materia o nombre geográfico como elemento de entrada Arte
Subdivisión de forma Exposiciones
Subdivisión geográfica México
9 (RLIN) 3600
651 #4 - PUNTO DE ACCESO ADICIONAL DE MATERIA--NOMBRE GEOGRÁFICO
Nombre geográfico San Antonio (Texas)
Subdivisión de forma Exposiciones
Subdivisión general Civilización
9 (RLIN) 22568
700 1# - PUNTO DE ACCESO ADICIONAL--NOMBRE DE PERSONA
Nombre de persona Oettinger, Marion
Títulos y otros términos asociados al nombre Jr.
Fechas asociadas al nombre 1942-
Término indicativo de función/relación ed.
9 (RLIN) 22569
942 ## - ELEMENTOS DE PUNTO DE ACCESO ADICIONAL (KOHA)
Fuente del sistema de clasificación o colocación Library of Congress Classification
Tipo de ítem Koha Libros
Holdings
Estado de retiro Estado de pérdida Estado dañado No para préstamo Localización permanente Ubicación/localización actual Fecha de adquisición Total de préstamos Signatura topográfica completa Código de barras Fecha visto por última vez Precio válido a partir de Tipo de ítem Koha
El ejemplar forma parte de la colección y puede ser consultado según las políticas vigentes.       Biblioteca del Museo Franz Mayer (Rogerio Casas-Alatriste) Biblioteca del Museo Franz Mayer (Rogerio Casas-Alatriste) 06/08/2018   N6502.2 .S26 2018 02982 22/03/2019 22/03/2019 Libros